| 000 | 00381nam a22001337a 4500 | ||
|---|---|---|---|
| 008 | 250604b |||||||| |||| 00| 0 eng d | ||
| 020 | _a9789789828463 | ||
| 050 |
_aP 94.65 _b.D 54 |
||
| 245 | _aDigital media communication and civic engagement in Nigeria | ||
| 260 |
_aNp _bAfrican council of communication education _c2020 |
||
| 300 | _a317 | ||
| 650 | _aDigital media | ||
| 942 | _cBK | ||
| 999 |
_c3778 _d3778 |
||